000 00770nam a2200241 4500
003 OSt
005 20260421023309.0
006 a
008 240724b |||||||| |||| 00| 0 eng d
020 _a9780323053853
040 _aDWCL-Main lib.
_cOC
082 _2Fourth edition
_aCirc. 612.64 C284h 2009
100 _aCarlson, Bruce M.
245 _aHuman embryology and developmental biology /
250 _aFourth edition
260 _aPhiladelphia, PA :
_bMosby Elsevier,
_cc2009.
300 _axvi,
_b541 p. : ill. (some col.) ;
_c28 cm.
504 _aIncludes bibliographical references and index.
650 _a1. Embryology, Human.
650 _a2. Developmental biology.
650 _a3. Human growth.
942 _2ddc
_n0
_cBK-CIRC
_eFourth edition
_kCirc.
999 _c2641
_d2641